Oscar Winning Films of the 1980's - Statistics

General Stats
  • This quiz has been taken 163 times
    41 since last reset
  • The average score is 30 of 95
Answer Stats
Category Year Movie % Correct
Picture 1984 Amadeus
76%
Picture 1985 Out of Africa
76%
Picture 1988 Rain Man
76%
Picture 1986 Platoon
71%
Sound Editing 1985 Back to the Future
67%
Picture 1982 Gandhi
67%
Picture 1981 Chariots of Fire
62%
Picture 1989 Driving Miss Daisy
62%
Adapted Screenplay 1981 On Golden Pond
62%
Lead Actor 1980 Raging Bull
62%
Production Design 1981 Raiders of the Lost Ark
62%
Picture 1983 Terms of Endearment
62%
Original Screenplay 1987 Moonstruck
57%
Sound Mixing 1980 The Empire Strikes Back
57%
Picture 1987 The Last Emperor
57%
Visual Effects 1983 The Return of the Jedi
57%
Original Song 1986 Top Gun
57%
Original Score 1982 E.T. the Extra-Terrestrial
52%
Picture 1980 Ordinary People
52%
Lead Actor 1986 The Color of Money
52%
Sound Editing 1986 Aliens
48%
Director 1981 Reds
48%
Lead Actor 1987 Wall Street
48%
Production Design 1989 Batman
43%
Supporting Actor 1987 The Untouchables
43%
Supporting Actress 1982 Tootsie
43%
Makeup and Hairstyling 1981 An American Werewolf in London
38%
Supporting Actor 1981 Arthur
38%
Director 1989 Born on the Fourth of July
38%
Lead Actress 1980 Coal Miner's Daughter
38%
Original Song 1987 Dirty Dancing
38%
Supporting Actor 1989 Glory
38%
Original Screenplay 1986 Hannah and Her Sisters
38%
Lead Actor 1985 Kiss of the Spider Woman
38%
Lead Actor 1989 My Left Foot
38%
Costume Design 1985 Ran
38%
Supporting Actor 1984 The Killing Fields
38%
Supporting Actress 1984 A Passage to India
33%
Makeup and Hairstyling 1988 Beetlejuice
33%
Lead Actress 1986 Children of a Lesser God
33%
Supporting Actor 1985 Cocoon
33%
Cinematography 1988 Mississippi Burning
33%
Lead Actress 1982 Sophie's Choice
33%
Original Screenplay 1983 Tender Mercies
33%
Sound Editing 1989 The Last Crusade
33%
Original Score 1989 The Little Mermaid
33%
Supporting Actor 1988 A Fish Called Wanda
29%
Supporting Actor 1982 An Officer and a Gentleman
29%
Original Score 1980 Fame
29%
Original Score 1983 The Right Stuff
29%
Visual Effects 1984 The Temple of Doom
29%
Lead Actress 1985 The Trip to Bountiful
29%
Film Editing 1988 Who Framed Roger Rabbit
29%
Original Screenplay 1985 Witness
29%
Original Song Score 1983 Yentl
29%
Adapted Screenplay 1986 A Room with a View
24%
Original Screenplay 1989 Dead Poets Society
24%
International Feature 1983 Fanny and Alexander
24%
Supporting Actress 1985 Prizzi's Honor
24%
Visual Effects 1989 The Abyss
24%
Lead Actress 1988 The Accused
24%
Cinematography 1986 The Mission
24%
Original Song 1988 Working Girl
24%
Adapted Screenplay 1988 Dangerous Liaisons
19%
Adapted Screenplay 1982 Missing
19%
International Feature 1988 Pelle the Conqueror
19%
Sound Editing 1987 Robocop
19%
Supporting Actress 1988 The Accidental Tourist
19%
Supporting Actress 1983 The Year of Living Dangerously
19%
International Feature 1987 Babette's Feast
14%
International Feature 1989 Cinema Paradiso
14%
Original Song 1983 Flashdance
14%
Costume Design 1989 Henry V
14%
Visual Effects 1987 Innerspace
14%
Makeup and Hairstyling 1985 Mask
14%
Original Screenplay 1980 Melvin and Howard
14%
Original Screenplay 1984 Places in the Heart
14%
Original Song Score 1984 Purple Rain
14%
Makeup and Hairstyling 1982 Quest for Fire
14%
Sound Mixing 1988 Bird
10%
International Feature 1981 Mephisto
10%
International Feature 1980 Moscow Does Not Believe in Tears
10%
Original Score 1986 Round Midnight
10%
Cinematography 1980 Tess
10%
Makeup and Hairstyling 1986 The Fly
10%
International Feature 1985 The Official Story
10%
Original Song 1984 The Woman in Red
10%
Makeup and Hairstyling 1987 Harry and the Hendersons
5%
International Feature 1986 The Assault
5%
Original Score 1988 The Milagro Beanfield War
5%
Original Song Score 1982 Victor/Victoria
5%
Original Song 1985 White Nights
5%
International Feature 1984 Dangerous Moves
0%
Sound Editing 1984 The River
0%
International Feature 1982 To Begin Again
0%
No matching quizzes found
Score Distribution
Percent of People with Each Score
Percentile by Number Answered
Your Score History
You have not taken this quiz since the last reset